| 000 | 00775nam a22002897a 4500 | ||
|---|---|---|---|
| 001 | 000377 | ||
| 003 | DO-SdBNP | ||
| 005 | 20231018103725.0 | ||
| 007 | 000377 | ||
| 008 | 160707b 2003 mx 00| 0 spa d | ||
| 020 | _a9681908619 | ||
| 040 |
_aBPMSU _bspa _cBPMSU |
||
| 082 | 4 |
_aM864.6 _bC538v 2004 _222 |
|
| 100 | 1 |
_aChimal, Carlos _d1954- |
|
| 245 | 1 | 0 |
_aEl viajero científico / _cCarlos Chimal. |
| 250 | _a3era. reimpr. | ||
| 260 |
_aMéxico : _bAlfaguara, _c2004 _g |
||
| 300 |
_a142 p. ; _b22 cm. |
||
| 490 | 0 |
_a Alfaguara ; _aCircular |
|
| 500 | _a | ||
| 590 | _6Inventariado, 2023/VM | ||
| 650 | 4 | _aEnsayos mexicanos | |
| 650 | 4 | _aCiencia en la literatura | |
| 650 | 4 | _aCiencia ficción | |
| 910 | _aVMateo V. Control de calidad. BPMSU | ||
| 942 |
_2ddc _cBK |
||
| 999 |
_c10848 _d10848 |
||